000 00459nam a22001337a 4500
999 _c6688
_d6688
008 200323b ||||| |||| 00| 0 eng d
082 _a330.967 8 LAP
100 _aLappe, Frances Moore.-
245 _aMozambique and Tanzania:
_bAsking the Big Questions/
_cFrances Moore Lappe.-
_hEnglish.
260 _aSan Francisco:
_bInstitute of Food and Development Policy,
_c1979
300 _a126p;
_c22cm.-
650 _2ECONOMIC SITUATION - TANZANIA
942 _2ddc
_cBOOKS